| 000 | 00614cab a2200193 4500 | ||
|---|---|---|---|
| 001 | ABS41254 | ||
| 008 | 090401t1989 xxu||||| |||| 00| 0 eng d | ||
| 035 | _a(Sirsi) u29173 | ||
| 041 | _aeng | ||
| 100 | _aCampbell, A. | ||
| 245 | _aRectification of leases | ||
| 260 | _c1989 | ||
| 350 | _a0 | ||
| 490 |
_aRent Review & Lease Renewal _v9(4) Summer 1989, 318-324(7) |
||
| 520 | _aExplains rectification of leases when the error is common to both parties or when it is of one party only, citing a number of illustrative cases. | ||
| 690 | _aPROPERTY-LANDLORD AND TENANT | ||
| 942 | _n0 | ||
| 948 | _c04/03/1997 | ||
| 999 |
_c19640 _d19640 |
||